Loading...
| Literature - European Literature | 0 | 3 | 0 | 0 | 30 | 116 | 130.67 | 0 | 0 |
| History - American History | 0 | 3 | 0 | 2 | 30 | 70 | 102.33 | 0 | 0 |
| Philosophy | 0 | 3 | 0 | 1 | 30 | 110 | 123.33 | 0 | 0 |
| Science - Biology | 0 | 3 | 1 | 1 | 25 | 71 | 99.67 | 0 | 0 |
| Literature - American Literature | 0 | 2 | 0 | 0 | 20 | 96 | 113.00 | 0 | 0 |
| Literature - British Literature | 0 | 2 | 0 | 0 | 20 | 128 | 130.00 | 0 | 0 |
| Mythology | 0 | 2 | 0 | 0 | 20 | 89 | 95.00 | 0 | 0 |
| Science - Chemistry | 0 | 2 | 0 | 1 | 20 | 37 | 78.50 | 1 | 1 |
| Fine Arts - Other Fine Arts | 0 | 2 | 0 | 1 | 20 | 135 | 137.50 | 0 | 0 |
| Social Science | 0 | 2 | 1 | 0 | 15 | 87 | 93.00 | 0 | 1 |
| Current Events | 0 | 1 | 0 | 0 | 10 | 87 | 87.00 | 0 | 0 |
| Religion | 0 | 1 | 0 | 1 | 10 | 146 | 146.00 | 0 | 0 |
| Fine Arts - Painting and Sculpture | 0 | 1 | 0 | 1 | 10 | 150 | 150.00 | 0 | 0 |
| Science - Physics | 0 | 1 | 0 | 1 | 10 | 104 | 104.00 | 0 | 0 |
| Literature - World Literature | 0 | 1 | 1 | 0 | 5 | 133 | 133.00 | 0 | 0 |
| History - Other History | 0 | 1 | 1 | 1 | 5 | 129 | 129.00 | 0 | 0 |
| History - European History | 0 | 1 | 1 | 1 | 5 | 122 | 122.00 | 0 | 0 |
| Fine Arts - Classical Music | 0 | 1 | 1 | 0 | 5 | 67 | 67.00 | 0 | 0 |